সংযুক্তা / (Record no. 40929)
[ view plain ]
| 000 -LEADER | |
|---|---|
| fixed length control field | 00755nam a2200229 a 4500 |
| 001 - CONTROL NUMBER | |
| control field | 40929 |
| 003 - CONTROL NUMBER IDENTIFIER | |
| rucl marc code | BD-RjUL |
| 005 - DATE AND TIME OF LATEST TRANSACTION | |
| control field | 20211209053311.0 |
| 008 - FIXED-LENGTH DATA ELEMENTS--GENERAL INFORMATION | |
| fixed length control field | 160512s1965 bg ||||| |||| 00| 0 ben d |
| 020 ## - INTERNATIONAL STANDARD BOOK NUMBER | |
| Terms of availability | Tk. 2.00 |
| 035 ## - SYSTEM CONTROL NUMBER | |
| System control number | (BD-RjUL)41045 |
| 040 ## - CATALOGING SOURCE | |
| Original cataloging agency | BD-RjUL |
| Language of cataloging | ben |
| Transcribing agency | BD-RjUL |
| 041 ## - LANGUAGE CODE | |
| Language code of text/sound track or separate title | ben |
| 082 ## - DEWEY DECIMAL CLASSIFICATION NUMBER | |
| Edition number | 23 |
| Classification number | 891.442 |
| Author mark and year | RAS 1965 |
| 100 ## - MAIN ENTRY--PERSONAL NAME | |
| Personal name | রাশীদ, আ. ন. ম. বজলুর |
| 9 (RLIN) | 125987 |
| 245 10 - TITLE STATEMENT | |
| Title | সংযুক্তা / |
| Statement of responsibility, etc. | আ. ন. ম. বজলুর রাশীদ |
| 260 ## - PUBLICATION, DISTRIBUTION, ETC. (IMPRINT) | |
| Place of publication, distribution, etc. | ঢাকা : |
| Name of publisher, distributor, etc. | বাংলা একাডেমী, |
| Date of publication, distribution, etc. | ১৯৬৫ |
| 300 ## - PHYSICAL DESCRIPTION | |
| Pagination | [৮], ১১২ পৃ. ; |
| Size | ২২ সেমি. |
| 650 ## - SUBJECT ADDED ENTRY--TOPICAL TERM | |
| Topical term or geographic name as entry element | বাংলা নাটক |
| 9 (RLIN) | 125988 |
| Topical term or geographic name as entry element | Bengali Drama |
| 9 (RLIN) | 125989 |
| 942 ## - ADDED ENTRY ELEMENTS (KOHA) | |
| Source of classification or shelving scheme | Dewey Decimal Classification |
| Koha item type | Books |
| Lost status | Source of classification or shelving scheme | Damaged status | Not for loan | Collection code | Permanent Location | Current Location | Shelving location | Date acquired | Source of acquisition | Cost, normal purchase price | Total Checkouts | Full call number | Date last seen | Copy number | Koha item type |
|---|---|---|---|---|---|---|---|---|---|---|---|---|---|---|---|
| Dewey Decimal Classification | Non-fiction | Central Library, University of Rajshahi | Central Library, University of Rajshahi | 07/09/1968 | Nawroge | 2.00 | B 891.442 RAS 1965 | 12/05/2016 | C-2 | Books | |||||
| Dewey Decimal Classification | Non-fiction | Central Library, University of Rajshahi | Central Library, University of Rajshahi | 07/09/1968 | Nawrse | 2.00 | B 891.442 RAS 1965 | 13/08/2016 | C-3 | Books | |||||
| Dewey Decimal Classification | Non-fiction | Central Library, University of Rajshahi | Central Library, University of Rajshahi | 07/09/1968 | Nawrse | 2.00 | B 891.442 RAS 1965 | 13/08/2016 | C-4 | Books | |||||
| Dewey Decimal Classification | Non-fiction | Central Library, University of Rajshahi | Central Library, University of Rajshahi | 07/09/1968 | Nawrse | 2.00 | B 891.442 RAS 1965 | 13/08/2016 | C-5 | Books |